|
|
|
|
| LEADER |
00000nam a2200000 a 4500 |
| 001 |
vtls010656578 |
| 003 |
SK-MaSNL |
| 005 |
20260301035250.0 |
| 008 |
160830s2014 xo g n 001 0 slo |
| 015 |
|
|
|a SNBA2015/03
|
| 020 |
|
|
|a 9788089149377 (viaz.)
|
| 035 |
|
|
|a 1FD7A3FD-75F1-4440-8496-4466FF77D92A
|
| 035 |
|
|
|a urn:nbn:sk:snk-amjqa0
|
| 035 |
|
|
|a urn:nbn:sk:snk-am002igv
|
| 040 |
|
|
|a SNK
|b slo
|c SNK
|e AACR2
|
| 041 |
0 |
|
|a slo
|b eng
|
| 044 |
|
|
|a xo
|c SK
|
| 072 |
|
7 |
|a 349
|x Pracovné, sociálne, stavebné právo. Právo životného prostredia
|2 konspekt
|
| 080 |
|
|
|a 349.2:331.105.4
|2 2001
|
| 080 |
|
|
|a (048.8:082)
|2 2001
|
| 245 |
0 |
0 |
|a Kolektívne pracovné právo
|c Andrea Olšovská ... [et al.]
|
| 260 |
|
|
|a Bratislava
|b Nadácia Friedricha Eberta v Slovenskej republike
|c 2014
|
| 300 |
|
|
|a 374 s.
|c 22 cm
|
| 504 |
|
|
|a Bibliogr. odkazy ; bibliogr.: s. 358-364 ; pozn. ; reg. ; zoz. skrat.
|
| 546 |
|
|
|a Res. angl.
|
| 650 |
0 |
7 |
|a kolektívne pracovné právo
|2 SNKPH
|9 4649
|
| 655 |
|
7 |
|a kolektívne monografie
|2 SNKPH
|9 249850
|
| 655 |
|
7 |
|a Collective monographs
|2 SNKPHeng
|9 125747
|
| 700 |
1 |
|
|a Olšovská, Andrea,
|d 1978-
|4 aut
|9 209824
|
| 700 |
1 |
|
|a Švec, Marek,
|d 1984-
|4 aut
|9 253732
|
| 700 |
1 |
|
|a Dušeková Schuszteková, Simona,
|d 1976-
|4 aut
|9 212168
|
| 700 |
1 |
|
|a Bulla, Martin,
|d 1984-
|4 aut
|9 230592
|
| 700 |
1 |
|
|a Toman, Jozef,
|d 1982-
|4 aut
|9 179518
|
| 919 |
|
|
|a 978-80-89149-37-7
|
| 958 |
|
|
|a OND
|
| 958 |
|
|
|a NB
|
| 999 |
|
|
|c 583621
|d 585551
|
| 952 |
|
|
|a SNK
|b SNK
|y VYP
|7 0
|p 17A1123836
|o snkSC 163284 D3
|i snk2015/26688
|8 1
|0 0
|1 0
|4 0
|d 2015-09-21
|l 0
|r 2026-02-23 14:59:52
|w 2026-02-23
|
| 952 |
|
|
|a SNK
|b SNK
|y PREZ
|7 0
|p 17A1138998
|o snkSC 163284
|i snk2015/6428
|8 0
|0 0
|1 0
|4 0
|d 2015-02-23
|f 1
|l 0
|r 2025-08-27 00:00:00
|w 2026-02-23
|
| 952 |
|
|
|a SNK
|b SNK
|y VYP
|7 0
|p 17A1138997
|o snkSC 163284 D1
|i snk2015/6429
|8 0
|0 0
|1 0
|4 0
|d 2015-02-23
|l 0
|r 2026-02-23 14:59:52
|w 2026-02-23
|
| 952 |
|
|
|t snkKOL 349.2
|a SNKUST
|b SNKUST
|y PREZ
|7 0
|p 17A1123835
|o snkSC 163284 D2
|i snk2015/26685
|8 1
|0 0
|1 0
|4 0
|d 2015-09-21
|l 0
|r 2025-03-21 00:00:00
|w 2026-02-23
|